| 000 | 00780nam a2200265 a 4500 | ||
|---|---|---|---|
| 003 | SISC | ||
| 005 | 20170123114718.0 | ||
| 008 | 130326s19uu xx 00 eng d | ||
| 020 | _a9781439826171 | ||
| 050 |
_aHD 47.4 _b.H662 2011 |
||
| 100 | _aHines, Peter. | ||
| 245 |
_aStaying lean : _bthriving, not just surviving / _cPeter Hines. |
||
| 250 | _a2nd edition. | ||
| 260 |
_aBoca Raton ; London ; New York : _bCRC Press, _c2011. |
||
| 300 |
_axxi, 259 pages : _billustrations ; _c26 cm. |
||
| 500 | _aIncludes index. | ||
| 650 | _aOrganizational effectiveness. | ||
| 650 | _aIndustrial efficiency. | ||
| 650 | _aValue added. | ||
| 700 | _aFound, Pauline. | ||
| 700 | _aGriffiths, Gary. | ||
| 700 | _aHarrison, Richard. | ||
| 942 |
_cBK _2lcc _kFOR |
||
| 999 |
_c25405 _d25405 |
||